National human rights commission of India : (Record no. 65968)

MARC details
000 -LEADER
fixed length control field 00477nam a22001457a 4500
005 - DATE AND TIME OF LATEST TRANSACTION
control field 20170828162642.0
020 ## - INTERNATIONAL STANDARD BOOK NUMBER
International Standard Book Number 8174872175
Terms of availability 00.00
035 ## - SYSTEM CONTROL NUMBER
System control number B-059405
037 ## - SOURCE OF ACQUISITION
Stock number DPL
Source of stock number/acquisition ENG
100 ## - MAIN ENTRY--PERSONAL NAME
Personal name Mohapatra, Arun Ray
245 ## - TITLE STATEMENT
Title National human rights commission of India :
Remainder of title Formation, functioning and future prospects /
Statement of responsibility, etc by Arun Ray Mohapatra
260 ## - PUBLICATION, DISTRIBUTION, ETC. (IMPRINT)
Place of publication, distribution, etc New Delhi
Name of publisher, distributor, etc Radha Publications
Date of publication, distribution, etc 2001
300 ## - PHYSICAL DESCRIPTION
Extent xxi, 282p.
Dimensions 20 cms.
942 ## - ADDED ENTRY ELEMENTS (KOHA)
Source of classification or shelving scheme Dewey Decimal Classification
Item type English Books
Classification part 323
Call number suffix RAY
Holdings
Withdrawn status Lost status Not for loan Collection code Home library Current library Date acquired Cost, normal purchase price Full call number Barcode Cost, replacement price Koha item type
      Non-fiction Sarojini Nagar Sarojini Nagar 02/05/2012 0.00 323 RAY B-059405 0.00 English Books

© Delhi Public Library
Hit Counter
free hit counter